[Event "XIV Festival A"]
[Site "Bolzano - Bozen ITA"]
[Date "1999.06.13"]
[Round "2"]
[White "Bukal, Vladimir sr"]
[Black "Istratescu, Andrei"]
[WhiteElo "2407"]
[BlackElo "2549"]
[Result "0-1"]
[PlyCount "75"]
[EventDate "1999.06.12"]

1.c4 Nf6 2.g3 c6 3.Nf3 d5 4.cxd5 cxd5 5.d4 Nc6 6.Bg2 e6 7.O-O Be7 8.Nc3 
O-O 9.Bf4 b6 10.Rc1 Bb7 11.Ne5 Nxe5 12.dxe5 Nd7 13.e4 dxe4 14.Qg4 Kh8 15.
Rfd1 Rc8 16.Rd2 Qe8 17.Rcd1 Nc5 18.Be3 Rc7 19.Bxc5 Rxc5 20.Bxe4 Bc8 21.f4 
f5 22.exf6 Bxf6 23.Qf3 Qe7 24.h4 g6 25.Rd3 Bg7 26.R1d2 e5 27.Nd5 Qe8 28.
Rc3 Rxc3 29.bxc3 exf4 30.Nxf4 Qe5 31.Qd3 Qxc3 32.Bxg6 Qc1+ 33.Kh2 Bb7 34.
Kh3 Rxf4 35.gxf4 hxg6 36.f5 Bc8 37.Rc2 Bxf5+ 38.Qxf5 0-1

[Event "XIV Festival A"]
[Site "Bolzano - Bozen ITA"]
[Date "1999.06.13"]
[Round "2"]
[White "De Vreugt, Dennis"]
[Black "Farago, Ivan"]
[WhiteElo "2417"]
[BlackElo "2533"]
[Result "1-0"]
[PlyCount "61"]
[EventDate "1999.06.12"]

1.e4 e6 2.d4 d5 3.Nc3 Bb4 4.e5 Ne7 5.a3 Bxc3+ 6.bxc3 c5 7.Nf3 Bd7 8.h4 Qa5
9.Bd2 Nbc6 10.h5 h6 11.a4 c4 12.Qc1 O-O-O 13.Qa3 Kb8 14.g3 Ka8 15.Bg2 Nc8 
16.O-O Nb6 17.Rfb1 Nb8 18.Qe7 Rdf8 19.Nh4 Nxa4 20.f4 Bb5 21.f5 Qd8 22.Qb4 
Bc6 23.fxe6 fxe6 24.Ng6 Rhg8 25.Nxf8 Qxf8 26.Rf1 Qe8 27.Qd6 Bd7 28.g4 g6 
29.Rf6 Nc6 30.Raf1 Ne7 31.Rf7 1-0

[Event "XIV Festival A"]
[Site "Bolzano - Bozen ITA"]
[Date "1999.06.13"]
[Round "2"]
[White "Delchev, Aleksander"]
[Black "Manca, Federico"]
[WhiteElo "2548"]
[BlackElo "2393"]
[Result "1-0"]
[PlyCount "103"]
[EventDate "1999.06.12"]

1.e4 c5 2.Nf3 d6 3.d4 cxd4 4.Qxd4 Nc6 5.Bb5 Bd7 6.Bxc6 Bxc6 7.c4 Nf6 8.Nc3
e6 9.O-O Be7 10.b3 O-O 11.Bb2 b6 12.Rad1 Qb8 13.Rfe1 Qb7 14.Qe3 Rfe8 15.
Ba3 Rad8 16.Nd4 a6 17.Nxc6 Qxc6 18.h3 Rd7 19.Rd3 Red8 20.Red1 Bf8 21.Bb4 
h6 22.a4 Qb7 23.Qe2 Qc6 24.Ba3 d5 25.Bxf8 Kxf8 26.exd5 exd5 27.Qf3 Qc5 28.
Nxd5 Nxd5 29.cxd5 Rd6 30.Qe4 Re8 31.Qh7 Re2 32.Rf3 Rxd5 33.Rxd5 Qxd5 34.
Qh8+ Ke7 35.Qxg7 Re1+ 36.Kh2 Qe5+ 37.Qxe5+ Rxe5 38.g4 Rc5 39.Kg3 Rc2 40.
Kh4 b5 41.axb5 axb5 42.Kh5 Rc6 43.Rf5 Rc3 44.Kxh6 Rxh3+ 45.Kg7 Rxb3 46.
Rxf7+ Kd6 47.g5 Rc3 48.g6 b4 49.Rb7 b3 50.Kh6 Kc6 51.Rb8 Kc7 52.Rb4 1-0

[Event "XIV Festival A"]
[Site "Bolzano - Bozen ITA"]
[Date "1999.06.13"]
[Round "2"]
[White "Gleizerov, Evgeny"]
[Black "Safranska, Anda"]
[WhiteElo "2518"]
[BlackElo "2253"]
[Result "1-0"]
[PlyCount "77"]
[EventDate "1999.06.12"]

1.d4 g6 2.c4 Bg7 3.e4 d6 4.Nc3 Nf6 5.Nf3 O-O 6.Be2 e5 7.O-O Nc6 8.d5 Ne7 
9.Nd2 Bd7 10.b4 a5 11.Ba3 axb4 12.Bxb4 c5 13.dxc6 Bxc6 14.Bf3 Ne8 15.Nb3 
f5 16.Qd3 fxe4 17.Bxe4 Nf5 18.Nd5 Rf7 19.Bd2 Kh8 20.Rfd1 Ba4 21.Nc3 Bc6 
22.Bd5 Rf8 23.Ne4 h6 24.Bc3 Qh4 25.f3 Rc8 26.Rab1 Qe7 27.Be1 h5 28.Bf2 Bh6
29.Re1 Nc7 30.g3 Bg7 31.Qd2 Ne6 32.f4 Nc7 33.fxe5 Bxe5 34.Bxc6 bxc6 35.c5 
Ne8 36.cxd6 Nexd6 37.Bc5 Kh7 38.Nxd6 Nxd6 39.Rxe5 1-0

[Event "XIV Festival A"]
[Site "Bolzano - Bozen ITA"]
[Date "1999.06.13"]
[Round "2"]
[White "Hamdouchi, Hichem"]
[Black "Belotti, Bruno"]
[WhiteElo "2564"]
[BlackElo "2441"]
[Result "1/2-1/2"]
[PlyCount "51"]
[EventDate "1999.06.12"]

1.e4 c5 2.Nc3 e6 3.Nf3 d6 4.d4 cxd4 5.Nxd4 Nf6 6.Be3 Nc6 7.Bc4 a6 8.Qe2 
Qc7 9.O-O-O Na5 10.Bb3 b5 11.g4 Bb7 12.Bg5 Nxb3+ 13.axb3 b4 14.Bxf6 bxc3 
15.Bh4 d5 16.Kb1 cxb2 17.exd5 Bxd5 18.f3 Be7 19.Bxe7 Qxe7 20.Qe5 Qf6 21.
Qd6 Rd8 22.Qa3 Qe7 23.Qa4+ Qd7 24.Qa3 Qe7 25.Qa4+ Qd7 26.Qa3 1/2-1/2

[Event "XIV Festival A"]
[Site "Bolzano - Bozen ITA"]
[Date "1999.06.13"]
[Round "2"]
[White "Kogan, Artur"]
[Black "Ignat, Diana"]
[WhiteElo "2507"]
[BlackElo "2091"]
[Result "1-0"]
[PlyCount "77"]
[EventDate "1999.06.12"]

1.e4 e5 2.Nc3 Bc5 3.f4 d6 4.Nf3 Nc6 5.Bb5 Bd7 6.d3 Nf6 7.Na4 Bb6 8.Nxb6 
axb6 9.Bxc6 bxc6 10.fxe5 Ng4 11.Bg5 f6 12.exf6 gxf6 13.Bh4 Qe7 14.h3 Ne5 
15.O-O Ng6 16.Qe1 Ra5 17.Nd4 Nxh4 18.Qxh4 Rg5 19.Nf5 Qf7 20.Rf2 Qg6 21.Qf4
Rg8 22.Qf3 h5 23.Re1 Kd8 24.Kh1 Qh7 25.Nd4 Qg6 26.Ree2 c5 27.Nf5 Qh7 28.
Re3 h4 29.Qf4 Qh5 30.Qf3 Qh7 31.a3 R8g6 32.b4 cxb4 33.axb4 Rg3 34.Nxg3 
hxg3 35.Rd2 Bg4 36.Qf4 Bxh3 37.gxh3 Qxh3+ 38.Kg1 Rh6 39.Qf3 1-0

[Event "XIV Festival A"]
[Site "Bolzano - Bozen ITA"]
[Date "1999.06.13"]
[Round "2"]
[White "Mantovani, Renzo"]
[Black "Sax, Gyula"]
[WhiteElo "2377"]
[BlackElo "2524"]
[Result "0-1"]
[PlyCount "51"]
[EventDate "1999.06.12"]

1.d4 Nf6 2.Nf3 g6 3.Bg5 Bg7 4.Nbd2 d5 5.Bxf6 Bxf6 6.e4 O-O 7.c3 c5 8.dxc5 
Nd7 9.exd5 Nxc5 10.Nc4 b5 11.Ne3 Na4 12.Qb3 Bd7 13.Be2 b4 14.cxb4 Bxb2 15.
Rd1 Rc8 16.Bc4 Bc3+ 17.Ke2 Qb6 18.Rd3 Bg7 19.Rc1 Nb2 20.Rd2 Ba4 21.Qa3 
Nxc4 22.Nxc4 Qb5 23.Ke1 Rxc4 24.Rxc4 Qxc4 25.Qxa4 Bc3 26.Qxa7 0-1

[Event "XIV Festival A"]
[Site "Bolzano - Bozen ITA"]
[Date "1999.06.13"]
[Round "2"]
[White "Mitkov, Nikola"]
[Black "Khenkin, Igor"]
[WhiteElo "2483"]
[BlackElo "2641"]
[Result "1/2-1/2"]
[PlyCount "68"]
[EventDate "1999.06.12"]

1.e4 c6 2.d4 d5 3.f3 e6 4.Be3 Qb6 5.Nd2 Qxb2 6.Bd3 Qa3 7.Ne2 b6 8.O-O Ba6 
9.Nb3 Bxd3 10.Qxd3 Qa6 11.Qd2 Ba3 12.Ng3 Nd7 13.Nc1 Ne7 14.Nd3 O-O 15.Nh5 
g6 16.Ne5 Nxe5 17.Nf6+ Kh8 18.dxe5 Rfd8 19.Bg5 Ng8 20.Nxg8 Kxg8 21.f4 Re8 
22.exd5 cxd5 23.f5 exf5 24.Rxf5 Rac8 25.Rxf7 Bc5+ 26.Kh1 Kxf7 27.Qxd5+ Re6
28.c4 Re8 29.Qd7+ Kg8 30.Rf1 Bf8 31.Rxf8+ Rxf8 32.Qxe6+ Rf7 33.Qe8+ Rf8 
34.Qe6+ Rf7 1/2-1/2

[Event "XIV Festival A"]
[Site "Bolzano - Bozen ITA"]
[Date "1999.06.13"]
[Round "2"]
[White "Stefanova, Antoaneta"]
[Black "Jaenig, Reinhard"]
[WhiteElo "2452"]
[BlackElo "2148"]
[Result "1-0"]
[PlyCount "65"]
[EventDate "1999.06.12"]

1.d4 Nf6 2.Nf3 e6 3.Bg5 c5 4.e3 Qb6 5.Qc1 Ne4 6.Bh4 Nc6 7.c3 d5 8.Bd3 Bd6 
9.Bxe4 dxe4 10.Nfd2 cxd4 11.Nxe4 Ne5 12.O-O d3 13.c4 Bc7 14.Qc3 O-O 15.Bg3
f6 16.Nbd2 Rd8 17.Rfd1 Qc6 18.b4 b6 19.a4 Bb7 20.b5 Qe8 21.c5 Bxe4 22.Nxe4
Qg6 23.cxb6 Bxb6 24.Nd2 Rac8 25.Qb3 Qf5 26.a5 Bc5 27.h3 Kh8 28.Rac1 Ng6 
29.b6 axb6 30.axb6 Rc6 31.b7 Rb6 32.Qxb6 Bxb6 33.Rc8 1-0

[Event "XIV Festival A"]
[Site "Bolzano - Bozen ITA"]
[Date "1999.06.13"]
[Round "2"]
[White "Zaja, Ivan"]
[Black "Epishin, Vladimir V."]
[WhiteElo "2443"]
[BlackElo "2578"]
[Result "0-1"]
[PlyCount "64"]
[EventDate "1999.06.12"]

1.d4 Nf6 2.c4 e6 3.Nc3 Bb4 4.e3 c5 5.Ne2 b6 6.a3 Ba5 7.Bd2 O-O 8.d5 Bb7 9.
Nf4 exd5 10.cxd5 d6 11.Bd3 Nbd7 12.Rb1 Bxc3 13.Bxc3 Ne5 14.b4 Rc8 15.Bf5 
Rc7 16.b5 Re8 17.O-O Qa8 18.Qc2 g6 19.Bh3 Nxd5 20.Nxd5 Bxd5 21.f4 Nc4 22.
Ba1 Rxe3 23.Rb3 Qe8 24.Rd3 Rxd3 25.Qxd3 Qe4 26.Qg3 Re7 27.Qh4 Qe3+ 28.Kh1 
f5 29.Bf6 Re8 30.Be7 Qxe7 31.Qg3 Qf6 32.Re1 Be4 0-1

[Event "XIV Festival A"]
[Site "Bolzano - Bozen ITA"]
[Date "1999.06.13"]
[Round "3"]
[White "Belotti, Bruno"]
[Black "Komarov, Dimitri"]
[WhiteElo "2441"]
[BlackElo "2588"]
[Result "1/2-1/2"]
[PlyCount "54"]
[EventDate "1999.06.12"]

1.e4 c5 2.Nf3 Nc6 3.Nc3 e5 4.Bc4 Be7 5.d3 d6 6.Nd2 Nf6 7.Nf1 Bg4 8.f3 Be6 
9.Ne3 O-O 10.O-O Rb8 11.a4 Nb4 12.Bxe6 fxe6 13.Nc4 Nc6 14.f4 Qe8 15.fxe5 
dxe5 16.Bg5 Qg6 17.Bxf6 Bxf6 18.Kh1 Bh4 19.g3 Be7 20.Qe2 Rf6 21.Rxf6 gxf6 
22.Nd1 Kf7 23.c3 h5 24.Nde3 Rh8 25.Rf1 h4 26.g4 Ke8 27.h3 Nd8 1/2-1/2

[Event "XIV Festival A"]
[Site "Bolzano - Bozen ITA"]
[Date "1999.06.13"]
[Round "3"]
[White "Epishin, Vladimir V."]
[Black "Gleizerov, Evgeny"]
[WhiteElo "2578"]
[BlackElo "2518"]
[Result "1-0"]
[PlyCount "83"]
[EventDate "1999.06.12"]

1.d4 e6 2.c4 f5 3.e3 Nf6 4.Nc3 d5 5.f4 c6 6.Nf3 Be7 7.Bd3 O-O 8.O-O Bd7 9.
Bd2 Be8 10.Qb3 Qb6 11.Qc2 Nbd7 12.b4 dxc4 13.Bxc4 Nd5 14.Na4 Qc7 15.Nc5 
Bf7 16.Rac1 Bf6 17.Bb3 Rac8 18.a4 Rfe8 19.Kh1 Nxc5 20.dxc5 Qd7 21.e4 fxe4 
22.Qxe4 Bg6 23.Qe2 Bh5 24.Qe4 Bg6 25.Qe2 Bh5 26.h3 Qc7 27.Qc4 Bxf3 28.Rxf3
e5 29.fxe5 Bxe5 30.Rcf1 Rcd8 31.Bg5 Rd7 32.Qg4 g6 33.b5 Kg7 34.Qh4 h5 35.
Qf2 Kh7 36.Bc2 Rg7 37.Qh4 Kh8 38.Bxg6 Rxg6 39.Qxh5+ Kg7 40.Bh6+ Rxh6 41.
Rf7+ Kg8 42.Qg5+ 1-0

[Event "XIV Festival A"]
[Site "Bolzano - Bozen ITA"]
[Date "1999.06.13"]
[Round "3"]
[White "Khenkin, Igor"]
[Black "Ortega, Lexy"]
[WhiteElo "2641"]
[BlackElo "2485"]
[Result "1-0"]
[PlyCount "41"]
[EventDate "1999.06.12"]

1.d4 e6 2.c4 c5 3.e3 Nf6 4.Nc3 g6 5.dxc5 Na6 6.e4 Nxc5 7.f3 d6 8.Be3 Ncd7 
9.Nge2 a6 10.Qd2 Nc5 11.b3 Bd7 12.f4 Bg7 13.Bg1 d5 14.h3 Bh6 15.e5 Nfe4 
16.Nxe4 dxe4 17.g4 Bc6 18.Qxd8+ Rxd8 19.Bd4 Bxf4 20.Bg2 O-O 21.Be3 1-0

[Event "XIV Festival A"]
[Site "Bolzano - Bozen ITA"]
[Date "1999.06.13"]
[Round "3"]
[White "Rigo, Janos"]
[Black "Stefanova, Antoaneta"]
[WhiteElo "2330"]
[BlackElo "2452"]
[Result "0-1"]
[PlyCount "74"]
[EventDate "1999.06.12"]

1.e4 d5 2.exd5 Qxd5 3.Nc3 Qa5 4.d4 c6 5.Nf3 Bf5 6.Bc4 e6 7.Ne5 Nf6 8.g4 
Bg6 9.Bd2 Nbd7 10.Nxg6 hxg6 11.g5 Nh5 12.Ne4 Qb6 13.c3 Be7 14.a4 a6 15.a5 
Qc7 16.b4 Nf4 17.Qf3 Rh4 18.Qg3 O-O-O 19.O-O-O Rdh8 20.Kc2 Nd5 21.Qf3 f5 
22.gxf6 gxf6 23.Rde1 e5 24.Ng3 Bd6 25.Bxd5 cxd5 26.Qxd5 Rxd4 27.Qe6 Bxb4 
28.Re4 Rd6 29.Qf7 Bc5 30.Qxg6 f5 31.Qxf5 Rf8 32.Qg4 Qxa5 33.Ra4 Qb5 34.Rc4
Kb8 35.Rb1 Rxd2+ 36.Kc1 Ba3+ 37.Kxd2 Qxb1 0-1

[Event "XIV Festival A"]
[Site "Bolzano - Bozen ITA"]
[Date "1999.06.13"]
[Round "3"]
[White "Sax, Gyula"]
[Black "De Vreugt, Dennis"]
[WhiteElo "2524"]
[BlackElo "2417"]
[Result "1/2-1/2"]
[PlyCount "105"]
[EventDate "1999.06.12"]

1.e4 e5 2.Nf3 Nc6 3.Bb5 a6 4.Ba4 Nf6 5.O-O Be7 6.Re1 b5 7.Bb3 O-O 8.h3 Bb7
9.d3 d6 10.c3 Nb8 11.Nbd2 Nbd7 12.Nf1 Nc5 13.Bc2 Re8 14.Ne3 Bf8 15.b4 Ncd7
16.Bb3 c6 17.a4 d5 18.Bd2 h6 19.exd5 cxd5 20.Ng4 Nxg4 21.hxg4 g6 22.d4 e4 
23.Nh2 Bd6 24.Re3 Kg7 25.Rh3 Bxh2+ 26.Kxh2 g5 27.Qe2 Nf6 28.Kg1 Bc6 29.Rg3
Qd7 30.a5 Qc8 31.Rf1 Bd7 32.f4 Qc6 33.fxg5 hxg5 34.Bxg5 Nh7 35.Bf4 Kf8 36.
Be5 Ke7 37.g5 Nf8 38.Qh5 Be6 39.g6 Nxg6 40.Rxg6 fxg6 41.Qh7+ Kd8 42.Rf6 
Re7 43.Qh4 Kd7 44.Bd1 Rae8 45.Bg4 Qxc3 46.Rxe6 Rxe6 47.Qh7+ Re7 48.Bxe6+ 
Kxe6 49.Qg8+ Kd7 50.Qxd5+ Ke8 51.Qg8+ Kd7 52.Qd5+ Ke8 53.Qg8+ 1/2-1/2

[Event "XIV Festival A"]
[Site "Bolzano - Bozen ITA"]
[Date "1999.06.14"]
[Round "4"]
[White "Chatalbashev, Boris"]
[Black "Belotti, Bruno"]
[WhiteElo "2524"]
[BlackElo "2441"]
[Result "1-0"]
[PlyCount "67"]
[EventDate "1999.06.12"]

1.d4 d6 2.Bg5 c6 3.c3 Nd7 4.Nd2 Ngf6 5.e4 e5 6.Ngf3 Be7 7.Bd3 O-O 8.O-O h6
9.Bh4 Nh5 10.Bg3 Nxg3 11.hxg3 exd4 12.cxd4 c5 13.Nc4 cxd4 14.Nxd4 d5 15.
exd5 Nf6 16.Ne6 fxe6 17.d6 e5 18.Nxe5 Qxd6 19.Bc4+ Kh7 20.Qc2+ Ne4 21.
Qxe4+ Bf5 22.Qe3 Bf6 23.f4 Rad8 24.g4 Be6 25.Rad1 Qe7 26.Qe4+ Kg8 27.Nd7 
Bxc4 28.Qxc4+ Rf7 29.Nxf6+ Qxf6 30.g5 Qb6+ 31.Kh1 Rxd1 32.Rxd1 hxg5 33.
fxg5 Qg6 34.Rd8+ 1-0

[Event "XIV Festival A"]
[Site "Bolzano - Bozen ITA"]
[Date "1999.06.14"]
[Round "4"]
[White "De Vreugt, Dennis"]
[Black "Istratescu, Andrei"]
[WhiteElo "2417"]
[BlackElo "2549"]
[Result "1/2-1/2"]
[PlyCount "154"]
[EventDate "1999.06.12"]

1.e4 c5 2.Nf3 g6 3.d4 cxd4 4.Nxd4 Nc6 5.c4 Bg7 6.Be3 Nf6 7.Nc3 Ng4 8.Qxg4 
Nxd4 9.Qd1 Ne6 10.Be2 Qa5 11.Qd2 b6 12.O-O Bb7 13.f3 Bxc3 14.bxc3 g5 15.c5
Nxc5 16.Bxg5 Ne6 17.Be3 Rc8 18.Rfc1 Rg8 19.a4 Bc6 20.Bb5 Bxb5 21.axb5 Qxb5
22.Rxa7 d6 23.Qc2 f6 24.Kh1 Kf7 25.c4 Qe5 26.Qd2 Rc6 27.Rb7 Nc5 28.Qd5+ 
Qxd5 29.cxd5 Rcc8 30.Rxb6 Nd3 31.Rxc8 Rxc8 32.Rb3 Ne5 33.h3 Rc2 34.Bd4 Ng6
35.Rb2 Rxb2 36.Bxb2 e6 37.dxe6+ Kxe6 38.g4 Nf4 39.Kh2 d5 40.exd5+ Nxd5 41.
Kg3 f5 42.Kh4 fxg4 43.hxg4 Kf7 44.Kg5 Ne7 45.f4 Nd5 46.Be5 Ne3 47.Bd4 Nd5 
48.Kf5 Ne7+ 49.Ke4 Ke6 50.Bc5 Nc6 51.Bb6 Nb4 52.Ba5 Nc6 53.Be1 Ne7 54.Bh4 
Nc6 55.Bf2 Ne7 56.f5+ Kf7 57.Bc5 Nc6 58.Kd5 Na5 59.Bb4 Nb3 60.Ke4 Nc1 61.
Bd2 Nb3 62.Bb4 Nc1 63.Ke3 Nb3 64.g5 Nc1 65.Kd2 Nb3+ 66.Kd3 Nc1+ 67.Ke3 Nb3
68.Ke4 Nc1 69.Bd6 Nb3 70.Bc7 Nc5+ 71.Kf4 Nd3+ 72.Kg4 Nb4 73.Kh5 Nd5 74.Kh6
Nxc7 75.Kxh7 Ne8 76.Kh8 Nf6 77.gxf6 Kxf6 1/2-1/2

[Event "XIV Festival A"]
[Site "Bolzano - Bozen ITA"]
[Date "1999.06.14"]
[Round "4"]
[White "Delchev, Aleksander"]
[Black "Mitkov, Nikola"]
[WhiteElo "2548"]
[BlackElo "2483"]
[Result "0-1"]
[PlyCount "136"]
[EventDate "1999.06.12"]

1.Nf3 d5 2.c4 c6 3.e3 e6 4.Nc3 Nf6 5.d4 Nbd7 6.Bd3 Bd6 7.O-O O-O 8.e4 dxc4
9.Bxc4 e5 10.Bg5 Qe7 11.Re1 Re8 12.Bh4 h6 13.Bg3 Bb8 14.Bb3 Rd8 15.Qc2 
exd4 16.Nxd4 Bxg3 17.hxg3 Nc5 18.e5 Ng4 19.Rad1 Nxb3 20.axb3 Qg5 21.f4 Qh5
22.Nf3 Bf5 23.Qe2 Be6 24.Rxd8+ Rxd8 25.Rd1 Re8 26.b4 f6 27.Ne4 fxe5 28.Nd6
Rf8 29.f5 Bd5 30.Nh4 Qg5 31.Nxb7 Ne3 32.Re1 Qxg3 33.Qxe3 Qxh4 34.Nd6 Qxb4 
35.Qxe5 Qg4 36.Re2 Kh7 37.Rf2 Qd1+ 38.Rf1 Qh5 39.Rf2 a5 40.Qe7 Qd1+ 41.Kh2
Rf6 42.Ne8 Qh5+ 43.Kg1 Rf7 44.Qe5 Qg5 45.Qf4 Qxf4 46.Rxf4 Rd7 47.f6 g5 48.
Ra4 Bf7 49.Ng7 Rd5 50.g4 Kg6 51.Nf5 Kxf6 52.Nxh6 Be6 53.Ra1 Kg6 54.Re1 Rd6
55.Nf5 Bxf5 56.gxf5+ Kxf5 57.Rc1 Kg4 58.Rc4+ Kg3 59.Rc3+ Kh4 60.b3 g4 61.
Kg2 Rd2+ 62.Kg1 Rb2 63.Kh1 Ra2 64.Rxc6 Kh3 65.Kg1 Ra1+ 66.Kf2 g3+ 67.Kf3 
Rf1+ 68.Ke2 Rf5 0-1

[Event "XIV Festival A"]
[Site "Bolzano - Bozen ITA"]
[Date "1999.06.14"]
[Round "4"]
[White "Hamdouchi, Hichem"]
[Black "Bukal, Vladimir sr"]
[WhiteElo "2564"]
[BlackElo "2407"]
[Result "0-1"]
[PlyCount "82"]
[EventDate "1999.06.12"]

1.e4 e6 2.d4 d5 3.Nd2 Nf6 4.Bd3 c5 5.e5 Nfd7 6.c3 Nc6 7.Ne2 cxd4 8.cxd4 a5
9.O-O a4 10.Nf3 Nb6 11.Nf4 g6 12.Nh3 Nb4 13.Be2 h6 14.Nf4 Bd7 15.a3 Nc6 
16.Bd3 Ne7 17.h4 Nf5 18.h5 g5 19.Ne2 Nc4 20.Nc3 Bc6 21.g4 Ne7 22.Ne1 Qb6 
23.Nc2 Bg7 24.Rb1 Rf8 25.Re1 O-O-O 26.Be3 Nxe3 27.fxe3 f6 28.exf6 Bxf6 29.
Kg2 e5 30.Nb4 exd4 31.exd4 Kb8 32.Nxc6+ Nxc6 33.Nxa4 Qxd4 34.Bf5 Qf4 35.
Rf1 Qd6 36.Rc1 Nd4 37.Nc5 Rfe8 38.Re1 Rxe1 39.Qxe1 Qf4 40.Ne6 Qf3+ 41.Kh2 
Ne2 0-1

[Event "XIV Festival A"]
[Site "Bolzano - Bozen ITA"]
[Date "1999.06.14"]
[Round "4"]
[White "Khenkin, Igor"]
[Black "Epishin, Vladimir V."]
[WhiteElo "2641"]
[BlackElo "2578"]
[Result "1-0"]
[PlyCount "101"]
[EventDate "1999.06.12"]

1.d4 Nf6 2.c4 e6 3.Nf3 b6 4.a3 Bb7 5.Nc3 d5 6.Bg5 Be7 7.e3 Nbd7 8.cxd5 
exd5 9.Qa4 O-O 10.Ba6 Bxa6 11.Qxa6 c6 12.O-O Qc8 13.Qxc8 Rfxc8 14.Rac1 b5 
15.Bxf6 gxf6 16.Nh4 Nb6 17.Nf5 Bf8 18.e4 a6 19.Rc2 Re8 20.f3 Rac8 21.Kf2 
Nc4 22.Re1 Re6 23.g4 h5 24.gxh5 Kh7 25.Rce2 dxe4 26.fxe4 c5 27.d5 Re5 28.
Kf3 Nd6 29.Ng3 Bg7 30.Kg2 Rce8 31.Nd1 c4 32.Kf3 a5 33.Ne3 Nxe4 34.Nxe4 
Rxe4 35.Nf5 Rxe2 36.Rxe2 Rd8 37.Ke4 Re8+ 38.Kf3 Rd8 39.d6 Bf8 40.Rd2 b4 
41.Rd5 b3 42.Ke3 c3 43.bxc3 Rb8 44.Rd1 b2 45.Rb1 Rb5 46.Kf4 a4 47.c4 Rc5 
48.d7 Rxc4+ 49.Ke3 Bc5+ 50.Kd3 Rc1 51.Rxb2 1-0

[Event "XIV Festival A"]
[Site "Bolzano - Bozen ITA"]
[Date "1999.06.14"]
[Round "4"]
[White "Kogan, Artur"]
[Black "Sax, Gyula"]
[WhiteElo "2507"]
[BlackElo "2524"]
[Result "0-1"]
[PlyCount "106"]
[EventDate "1999.06.12"]

1.d4 Nf6 2.c4 e6 3.Nf3 b6 4.Nc3 Bb7 5.Bg5 h6 6.Bh4 g5 7.Bg3 Nh5 8.e4 Nxg3 
9.hxg3 Bg7 10.g4 d6 11.Qa4+ Qd7 12.Qa3 Nc6 13.Rd1 a6 14.Ne2 e5 15.d5 Ne7 
16.Ng3 Qxg4 17.Be2 Qd7 18.Nh2 Bc8 19.Bg4 Qd8 20.Qf3 Ng6 21.Nh5 Nh4 22.Qh3 
Kf8 23.g3 Ng6 24.Rd3 Bxg4 25.Nxg4 Qd7 26.Rf3 Rd8 27.b3 Ne7 28.Ne3 Qxh3 29.
Rxh3 Kg8 30.Rh1 Rf8 31.Ke2 g4 32.Nxg4 f5 33.Ne3 fxe4 34.Rxf8+ Kxf8 35.Rh4 
Kf7 36.Rxe4 Bf6 37.Ng4 Bg5 38.f4 exf4 39.Nxf4 Nf5 40.Kf3 h5 41.Ne6 hxg4+ 
42.Kxg4 Kg6 43.Nxc7 Ne3+ 44.Kf3 Rf8+ 45.Ke2 Nf5 46.Re6+ Kh5 47.Kd3 Nxg3 
48.Nxa6 Rf3+ 49.Kc2 Rf2+ 50.Kd3 Rd2+ 51.Kc3 Rxa2 52.Nc7 Ne2+ 53.Kb4 Nd4 
0-1

[Event "XIV Festival A"]
[Site "Bolzano - Bozen ITA"]
[Date "1999.06.15"]
[Round "5"]
[White "Borgo, Giulio"]
[Black "Gleizerov, Evgeny"]
[WhiteElo "2448"]
[BlackElo "2518"]
[Result "1/2-1/2"]
[PlyCount "51"]
[EventDate "1999.06.12"]

1.e4 e6 2.d4 d5 3.Nc3 Nf6 4.Bg5 Be7 5.e5 Nfd7 6.Bxe7 Qxe7 7.Nb5 Nb6 8.a4 
a6 9.a5 axb5 10.axb6 Rxa1 11.Qxa1 O-O 12.bxc7 Qxc7 13.Bd3 Nc6 14.c3 b4 15.
Nf3 bxc3 16.bxc3 f6 17.exf6 gxf6 18.O-O Kh8 19.Qc1 Qg7 20.Re1 e5 21.Bb5 e4
22.Nh4 Qg5 23.g3 Bh3 24.Bf1 Bxf1 25.Kxf1 Qxc1 26.Rxc1 1/2-1/2

[Event "XIV Festival A"]
[Site "Bolzano - Bozen ITA"]
[Date "1999.06.15"]
[Round "5"]
[White "Bukal, Vladimir sr"]
[Black "Delchev, Aleksander"]
[WhiteElo "2407"]
[BlackElo "2548"]
[Result "1/2-1/2"]
[PlyCount "101"]
[EventDate "1999.06.12"]

1.c4 g6 2.Nc3 Bg7 3.g3 d6 4.Bg2 e5 5.e3 f5 6.d4 Nc6 7.Nge2 Nh6 8.b3 O-O 9.
dxe5 Nxe5 10.O-O Rb8 11.Bb2 a6 12.Qd2 b5 13.cxb5 axb5 14.Nd5 c6 15.Nb4 c5 
16.Bxe5 Bxe5 17.Nc6 Qc7 18.Rac1 Rb6 19.Nxe5 dxe5 20.Qd5+ Nf7 21.Qxc5 Qxc5 
22.Rxc5 b4 23.Rd1 Ba6 24.Bf1 Ng5 25.Nc1 Nf3+ 26.Kg2 Bxf1+ 27.Kxf3 e4+ 28.
Kf4 Ba6 29.Kg5 Kg7 30.Rd7+ Rf7 31.Rxf7+ Kxf7 32.Rc7+ Kg8 33.Kh6 Rd6 34.Rc2
Rd5 35.Kg5 Kg7 36.Rc7+ Kf8 37.Rc6 Bb5 38.Rc2 Kg7 39.Rc7+ Kf8 40.g4 fxg4+ 
41.Kxg4 Rf5 42.Kg3 Bf1 43.Rc2 Rf3+ 44.Kg4 Kg7 45.Ne2 h5+ 46.Kg5 Rf5+ 47.
Kh4 Bxe2 48.Rxe2 Rf3 49.Kg5 Rf5+ 50.Kh4 Rf3 51.Kg5 1/2-1/2

[Event "XIV Festival A"]
[Site "Bolzano - Bozen ITA"]
[Date "1999.06.15"]
[Round "5"]
[White "Epishin, Vladimir V."]
[Black "Stefanova, Antoaneta"]
[WhiteElo "2578"]
[BlackElo "2452"]
[Result "1-0"]
[PlyCount "67"]
[EventDate "1999.06.12"]

1.c4 c5 2.Nf3 Nc6 3.Nc3 g6 4.e3 Nf6 5.d4 cxd4 6.exd4 d5 7.Bg5 Ne4 8.cxd5 
Nxc3 9.bxc3 Qxd5 10.c4 Qa5+ 11.Bd2 Qc7 12.d5 Ne5 13.Nxe5 Qxe5+ 14.Be2 Bg7 
15.Rc1 Qb2 16.O-O O-O 17.Bf3 Bf6 18.Re1 Qxa2 19.Bc3 Qa6 20.c5 Bxc3 21.Rxc3
Qf6 22.Rce3 Bd7 23.Rxe7 Rfd8 24.d6 Bc6 25.Bxc6 bxc6 26.Qa4 a5 27.h3 Kg7 
28.R1e3 g5 29.Rf3 Qg6 30.Kh2 Rf8 31.Qxc6 Rab8 32.Qd5 h5 33.d7 g4 34.Qe5+ 
1-0

[Event "XIV Festival A"]
[Site "Bolzano - Bozen ITA"]
[Date "1999.06.15"]
[Round "5"]
[White "Lazarev, Vladimir"]
[Black "De Vreugt, Dennis"]
[WhiteElo "2514"]
[BlackElo "2417"]
[Result "0-1"]
[PlyCount "52"]
[EventDate "1999.06.12"]

1.d4 d5 2.c4 c6 3.Nf3 Nf6 4.Nc3 dxc4 5.a4 Bf5 6.Ne5 e6 7.f3 Bb4 8.e4 Bxe4 
9.fxe4 Nxe4 10.Bd2 Qxd4 11.Nxe4 Qxe4+ 12.Qe2 Bxd2+ 13.Kxd2 Qd5+ 14.Kc2 Na6
15.Nxc4 O-O 16.Qf3 Qc5 17.Kb1 Nb4 18.Be2 Rad8 19.Rc1 Rd4 20.Ra3 Rfd8 21.
Re3 Qg5 22.Qh5 Qxg2 23.Ne5 g6 24.Qh6 Qd5 25.Bc4 Rxc4 26.Rxc4 Qxc4 0-1

[Event "XIV Festival A"]
[Site "Bolzano - Bozen ITA"]
[Date "1999.06.15"]
[Round "5"]
[White "Manca, Federico"]
[Black "Ortega, Lexy"]
[WhiteElo "2393"]
[BlackElo "2485"]
[Result "0-1"]
[PlyCount "68"]
[EventDate "1999.06.12"]

1.e4 c5 2.c3 d5 3.exd5 Qxd5 4.d4 Nf6 5.Nf3 Bg4 6.dxc5 Qxd1+ 7.Kxd1 Nc6 8.
Nd2 e5 9.b4 O-O-O 10.Kc2 Bf5+ 11.Kb3 Ng4 12.Bc4 Nxf2 13.Rf1 Nd3 14.Nxe5 
Ncxe5 15.Rxf5 g6 16.Bxd3 Nxd3 17.Rxf7 Bh6 18.Ne4 Nxc1+ 19.Kc4 Nd3 20.Re7 
Bf4 21.Rf1 Bc7 22.Kb3 Ne5 23.Nd6+ Bxd6 24.cxd6 Nd7 25.Rff7 h5 26.Rg7 g5 
27.Rxg5 Rh6 28.h4 Rxd6 29.Rxh5 Rg8 30.Re2 Rdg6 31.Rh7 Rxg2 32.Ree7 Rd2 33.
h5 Rgg2 34.h6 b5 0-1

[Event "XIV Festival A"]
[Site "Bolzano - Bozen ITA"]
[Date "1999.06.15"]
[Round "5"]
[White "Mitkov, Nikola"]
[Black "Chatalbashev, Boris"]
[WhiteElo "2483"]
[BlackElo "2524"]
[Result "0-1"]
[PlyCount "102"]
[EventDate "1999.06.12"]

1.e4 g6 2.Nc3 Bg7 3.d4 d6 4.Bg5 c6 5.Qd2 b5 6.f4 Nd7 7.Nf3 b4 8.Nd1 Ngf6 
9.Bd3 O-O 10.O-O Qb6 11.c3 d5 12.exd5 cxd5 13.Nf2 Rb8 14.f5 bxc3 15.bxc3 
Qb2 16.Bc2 Ba6 17.Rfe1 Rbc8 18.fxg6 hxg6 19.Rac1 Qxc3 20.Qf4 Qb2 21.Bb3 
Rxc1 22.Rxc1 Bc4 23.Qe3 Bxb3 24.axb3 e6 25.h3 Rb8 26.Rc7 Qxb3 27.Qf4 Qb1+ 
28.Kh2 Qf5 29.Rxa7 Qxf4+ 30.Bxf4 Rc8 31.Nd3 Bf8 32.Ng5 Rc4 33.Ne5 Rxd4 34.
Be3 Bd6 35.Ra8+ Kg7 36.Nxf7 Nxe5 37.Nxd6 Nfg4+ 38.hxg4 Nxg4+ 39.Kg3 Nxe3 
40.Ra7+ Kf6 41.Rf7+ Kg5 42.Ne8 Nf5+ 43.Kh2 Rd2 44.Nc7 Re2 45.Rd7 d4 46.Nb5
e5 47.Kh3 Re3+ 48.Kh2 d3 49.Nc3 Nd4 50.Nb1 Re2 51.Rd5 Kg4 0-1

[Event "XIV Festival A"]
[Site "Bolzano - Bozen ITA"]
[Date "1999.06.15"]
[Round "5"]
[White "Zaja, Ivan"]
[Black "Komarov, Dimitri"]
[WhiteElo "2443"]
[BlackElo "2588"]
[Result "1/2-1/2"]
[PlyCount "88"]
[EventDate "1999.06.12"]

1.d4 e6 2.e4 d5 3.Nc3 Nf6 4.Bg5 dxe4 5.Nxe4 Nbd7 6.Nf3 Be7 7.Nxf6+ Bxf6 8.
Bxf6 Nxf6 9.Bb5+ Bd7 10.Qe2 O-O 11.Bd3 Bc6 12.O-O-O Qd5 13.Kb1 Qh5 14.h4 
Bxf3 15.gxf3 Rfd8 16.Rhg1 Kf8 17.Qe3 Qxh4 18.Be4 Nd5 19.Bxd5 Rxd5 20.Rh1 
Qf6 21.Rxh7 Ke7 22.c4 Rd6 23.Rhh1 c6 24.Qb3 b5 25.Ka1 Qf5 26.d5 cxd5 27.
Qxb5 Rad8 28.c5 R6d7 29.Qb4 Rc7 30.f4 Qc2 31.Rc1 Qe4 32.Qxe4 dxe4 33.Rc2 
Rd4 34.a3 a5 35.b3 Kf6 36.c6 e5 37.fxe5+ Kxe5 38.Rh5+ Kd6 39.Rxa5 Rxc6 40.
Rxc6+ Kxc6 41.Rf5 Rd7 42.b4 g6 43.Re5 Kb6 44.Kb2 f5 1/2-1/2